Una aproximación a los límites de la legítima defensa /

Lineamientos acerca de la justificación de la existencia y limitación de una de las causas eximentes de responsabilidad, así como un análisis de su valoración al momento de su ejecución.

Saved in:
Bibliographic Details
Main Author: Torre Benítez, Angela de la (autor)
Format: Book
Language:Español
Published: Bogotá, Colombia : Universidad Externado de Colombia, Centro de Investigación en Filosofía y Derecho, 2004, c2004
Series:(Cuadernos de Conferencias y Artículos ; 30)
Subjects:
Tags: Add Tag
No Tags, Be the first to tag this record!

MARC

LEADER 00000nam^a2200000^a^4500
001 000181202
005 20250521000000.0
009 20260310101925.769
020 |a 958-616-840-9 
037 |a Acervo ITESO - Biblioteca 
041 |a ESP 
082 |a 345. 04  |b TOR 
100 |a Torre Benítez, Angela de la  |e (autor) 
245 1 4 |a Una aproximación a los límites de la legítima defensa /  |c A. de la Torre Benítez. 
264 4 |a Bogotá, Colombia :  |b Universidad Externado de Colombia, Centro de Investigación en Filosofía y Derecho,  |c 2004, c2004 
300 |a 48 p. 
336 |a texto  |b txt  |2 rdacontenido 
337 |a sin mediación  |b n  |2 rdamedio 
338 |a volumen  |b nc  |2 rdasoporte 
440 1 |a (Cuadernos de Conferencias y Artículos ;  |v 30) 
520 |a Lineamientos acerca de la justificación de la existencia y limitación de una de las causas eximentes de responsabilidad, así como un análisis de su valoración al momento de su ejecución. 
649 |a XX 
650 |a Legítima Defensa 
650 |a Eximentes de Responsabilidad 
650 |a Derecho Penal 
650 |a Derecho Público 
650 |a Derecho Comparado 
910 |a Fondo General 
920 |a Impresos - Libros 
930 |a Colección General 
905 |a 101 
901 |a 0500120799  |b IT1  |c ACC  |u 20250521 
902 |a https://opac.biblio.iteso.mx/vufind/Record/000181202